00401nam a2200157Ia 4500008004100000100001900041245005200060245001800112260002000130260000900150300001400159440002000173650002200193650001400215650001400229190717s9999 xx 000 0 und d aComanda, Zaldy a29.2 Million pesos marijuana burned in Kalinga/ cZaldy Comanda bManila Bulletin c2018 aAugust 10 aManila Bulletin aKalinga (Benguet) amarijuana aMedicine